000 00413nam a2200145Ia 4500
008 210210b2006 xxu||||| |||| 00| 0 eng d
082 _a546 CHAC
100 _aCHANDRA (Sulekh).
245 _aComprehensive inorganic chemistry. Vol.2. (for Bsc second year).
260 _aNew Delhi
_bNew age international publishers
_c2006
300 _a281
440 _a2
690 _aInorganic Chemistry
906 _a061238
999 _c107926
_d107926